Analýza a riešenie útoku v rámci infraštruktúry LoRaWAN

Na minha lista:
Detalhes bibliográficos
Autor principal: Rončkevič, Kristián (Author)
Outros Autores: Valach, Alexander (Thesis advisor)
Formato: Manuscrito Livro
Idioma:eslovaco
Publicado em: 2024
Assuntos:
Acesso em linha:http://is.stuba.sk/zp/portal_zp.pl?podrobnosti=177150
Tags: Adicionar Tag
Sem tags, seja o primeiro a adicionar uma tag!

MARC

LEADER 00000ntm a22000003a 4500
001 stuzp100189
003 SK-STU
005 20240608213625.4
007 ta
008 150427s2015----xo-----f-mn---000-0-slo-d
040 |a STU  |b slo 
041 0 |a slo 
100 1 |a Rončkevič, Kristián  |u 070400  |4 aut  |U FIIT Fakulta informatiky a informačných technológií  |T FIIT Ústav počítačového inžinierstva a aplikovanej informatiky  |X 97026  |U I400  |Y 672  |7 97026 
242 0 1 |a Analysis and solution of the attack within the LoRaWAN infrastructure  |y eng 
245 1 0 |a Analýza a riešenie útoku v rámci infraštruktúry LoRaWAN 
260 |c 2024 
650 4 |a LoRaWAN  |2 slo 
650 4 |a LoRa@FIIT  |2 slo 
650 4 |a IoT  |2 slo 
650 4 |a Bezpečnosť  |2 slo 
650 4 |a TWR  |2 slo 
650 4 |a Útok červou dierou  |2 slo 
650 4 |a TWR  |2 eng 
650 4 |a LoRa@FIIT  |2 eng 
650 4 |a IoT  |2 eng 
650 4 |a Cyber security  |2 eng 
650 4 |a Wormhole attack  |2 eng 
650 4 |a LoRaWAN  |2 eng 
700 1 |a Valach, Alexander  |u 070400  |k Z8  |4 ths  |U FIIT Fakulta informatiky a informačných technológií  |T FIIT Ústav počítačového inžinierstva a aplikovanej informatiky  |X 79791  |U I400  |Y 672  |7 79791 
856 4 |u http://is.stuba.sk/zp/portal_zp.pl?podrobnosti=177150